Statistics for The Opposite of Countries by Flag

Click here to take the quiz!

General Stats

  • This quiz has been taken 16 times
  • The average score is 14 of 17

Answer Stats

Answer% Correct
China
100%
India
100%
Russia
100%
United Kingdom
100%
Greece
92%
Iraq
92%
New Zealand
92%
South Korea
92%
United States of America
92%
Argentina
85%
Iran
85%
Serbia
85%
Ukraine
85%
Armenia
69%
France
69%
Indonesia
31%
Mali
23%

Score Distribution

Percentile by Number Answered

Percent of People with Each Score

Your Score History

You have not taken this quiz